<?xml version="1.0" encoding="UTF-8"?>
<record
    xmlns:xsi="http://www.w3.org/2001/XMLSchema-instance"
    xsi:schemaLocation="http://www.loc.gov/MARC21/slim http://www.loc.gov/standards/marcxml/schema/MARC21slim.xsd"
    xmlns="http://www.loc.gov/MARC21/slim">

  <leader>01882agaaa2200301   4500</leader>
  <controlfield tag="001">0310</controlfield>
  <controlfield tag="003">IT-RoPAU</controlfield>
  <controlfield tag="005">20220918181301.0</controlfield>
  <controlfield tag="007">d cvaizq</controlfield>
  <controlfield tag="008">50131s9999||||xx ||| |     ||   ||und||</controlfield>
  <datafield tag="040" ind1=" " ind2=" ">
    <subfield code="a">IT-RoPAU</subfield>
    <subfield code="c">IT-RoPAU</subfield>
  </datafield>
  <datafield tag="041" ind1=" " ind2=" ">
    <subfield code="a">ITALIANO</subfield>
  </datafield>
  <datafield tag="100" ind1=" " ind2=" ">
    <subfield code="a">Altomare Tino Manlio</subfield>
    <subfield code="g">Codice regista SPICS: 56331</subfield>
    <subfield code="9">53265</subfield>
  </datafield>
  <datafield tag="130" ind1=" " ind2=" ">
    <subfield code="a">PADRE PIO UN UOMO DEL MONDO</subfield>
    <subfield code="9">53266</subfield>
  </datafield>
  <datafield tag="245" ind1=" " ind2=" ">
    <subfield code="a">PADRE PIO UN UOMO DEL MONDO</subfield>
    <subfield code="c">Prodotto da: Casa Sollievo P. Pio -- Sceneggiatura: Tino Manlio Altomare -- Diretto da: Altomare Tino Manlio</subfield>
    <subfield code="p">PADRE PIO UN UOMO DEL MONDO (Rif. Codice opera principale : H0310)</subfield>
  </datafield>
  <datafield tag="250" ind1=" " ind2=" ">
    <subfield code="a">Edizione Standard</subfield>
  </datafield>
  <datafield tag="260" ind1=" " ind2=" ">
    <subfield code="a">FOGGIA (ITALIA)</subfield>
    <subfield code="b">VIDEOREPORTER / </subfield>
    <subfield code="g">"2002 (1&#xB0; ed.: 2002 ; Ed. Lingua Orig.: 2002)"</subfield>
  </datafield>
  <datafield tag="300" ind1=" " ind2=" ">
    <subfield code="a">VHS</subfield>
    <subfield code="b">sonoro, col.</subfield>
    <subfield code="c">86 minuti</subfield>
  </datafield>
  <datafield tag="508" ind1=" " ind2=" ">
    <subfield code="a">"Fotografia: Michele Francavilla; Montaggio: Tonio Di Bitonto; Sceneggiatura: Tino Manlio Altomare; "</subfield>
  </datafield>
  <datafield tag="511" ind1=" " ind2=" ">
    <subfield code="a">"Benedetto; Nardacci; Roberto; Pedicini"</subfield>
  </datafield>
  <datafield tag="520" ind1=" " ind2=" ">
    <subfield code="a">FILM DOCUMENTARISTICO A COLORI E BIANCO/NERO. DISTRIBUITO DA MULTIMEDIA SAN PAOLO. LA VICENDA UMANA DI PADRE PIO E LA SUA INTENSA SPIRITUALITA' SONO RIPERCORSE ATTRAVERSO FOTOGRAFIE, FILMATI, TESTIMONIANZE DELL'EPOCA CUSTODITE NELL'UNICO ARCHIVIO AL MONDO CHE NE PUO' GARANTIRE L'AUTENTICITA': QUELLO DELLA REDAZIONE DELLA CASA SOLLIEVO DELLA SOFFERENZA A SAN GIOVANNI ROTONDO, L'OPERA TERRENA DI PADRE PIO. VITA INTESSUTA DI PREGHIERA, SOFFERENZA FISICA E SPIRITUALE, MA ANCHE SEMPLICITA', OBBEDIENZA E UMILTA'. CONSULENZA DI: GIUSEPPE GUSSO, PAOLO COMPARATO, LUIGI PERONI, FABIO COMPARATO.</subfield>
  </datafield>
  <datafield tag="538" ind1=" " ind2=" ">
    <subfield code="a">PAL, STEREO</subfield>
  </datafield>
  <datafield tag="546" ind1=" " ind2=" ">
    <subfield code="a">ITALIANO</subfield>
  </datafield>
  <datafield tag="650" ind1=" " ind2=" ">
    <subfield code="a">BIOGRAFICO</subfield>
    <subfield code="e">FILMS [VHS]</subfield>
    <subfield code="x">Codice MATERIA SPICS: 9960</subfield>
    <subfield code="9">36736</subfield>
  </datafield>
  <datafield tag="700" ind1=" " ind2=" ">
    <subfield code="a">Altomare Tino Manlio </subfield>
    <subfield code="e">(regista)</subfield>
    <subfield code="g">Codice regista SPICS: 56331</subfield>
    <subfield code="9">53267</subfield>
  </datafield>
  <datafield tag="700" ind1=" " ind2=" ">
    <subfield code="a">Leone Gherardo </subfield>
    <subfield code="e">(soggetto)</subfield>
    <subfield code="g">Codice Soggetto SPICS: 56332</subfield>
    <subfield code="9">53268</subfield>
  </datafield>
  <datafield tag="942" ind1=" " ind2=" ">
    <subfield code="c">VH</subfield>
    <subfield code="2">ddc</subfield>
  </datafield>
  <datafield tag="999" ind1=" " ind2=" ">
    <subfield code="c">107708</subfield>
    <subfield code="d">107708</subfield>
  </datafield>
  <datafield tag="952" ind1=" " ind2=" ">
    <subfield code="0">0</subfield>
    <subfield code="1">0</subfield>
    <subfield code="4">0</subfield>
    <subfield code="6">H_0310_000000000000000</subfield>
    <subfield code="7">1</subfield>
    <subfield code="a">SPICS</subfield>
    <subfield code="b">SPICS</subfield>
    <subfield code="d">2015-01-31</subfield>
    <subfield code="l">0</subfield>
    <subfield code="o">H0310</subfield>
    <subfield code="r">2015-01-31 00:00:00</subfield>
    <subfield code="w">2015-01-31</subfield>
    <subfield code="y">VH</subfield>
    <subfield code="z">Progr. Ins.: 3070 / N.Vol.:1 / Copie: 1 / Pag.:0 / Copia rara: n.d. / date import: 1.2.2015 / By Epidotti, Trombetti, Vaglietti</subfield>
  </datafield>
</record>
